Programovanie v jazyku Turbo Pascal. Diel A /

Gespeichert in:
Bibliographische Detailangaben
Hauptverfasser: Janovčík, Štefan (Verfasst von), Šafranko, Ivo (Verfasst von)
Format: Buch
Sprache:Slowakisch
Veröffentlicht: Bratislava : T-klub, [1990]
Schlagworte:
Tags: Tag hinzufügen
Keine Tags, Fügen Sie das erste Tag hinzu!

MARC

LEADER 00000nam a22000003a 4500
001 stu37340
005 20150617225728.0
008 920708s1990----cs------------------slo-d
040 |a STU  |b slo 
041 0 |a slo 
044 |a cs 
080 |a 519.682 
100 1 |a Janovčík, Štefan  |4 aut 
245 1 |a Programovanie v jazyku Turbo Pascal. Diel A /  |c [aut.]Štefan Janovčík, Ivo Šafranko 
260 |a Bratislava :  |b T-klub,  |c [1990] 
300 |a 201 s 
650 7 |a Programovanie:Turbo Pascal  |2 stusub 
650 7 |a Jazyky programovacie:Turbo Pascal  |2 stusub 
650 7 |a Turbo Pascal  |2 stusub 
650 7 |a jazyky programovacie  |2 stusub 
700 1 |a Šafranko, Ivo  |4 aut 
996 |b 284M022218  |c M*7467/1-1  |l MMKN  |s A  |a 24  |w stu37340_0001 
996 |b 284M022219  |c M*7467/1-2  |l MMKN  |s A  |a 24  |w stu37340_0002